Statistics for Countries Closest to Palau - 15 Second Sprint

Click here to take the quiz!

General Stats

  • This quiz has been taken 62 times
  • The average score is 4 of 20

Answer Stats

kmcountrymiles% Correct
1564Australia972
50%
276Indonesia172
41%
657Philippines408
39%
1339Malaysia832
34%
423Micronesia263
32%
1263Papua New Guinea785
30%
1758Brunei1092
27%
2529China1572
25%
2116Taiwan1315
23%
1335Timor-Leste830
20%
2151Japan2337
18%
3406Marshall Islands2117
16%
3018Singapore1875
16%
2882Solomon Islands1791
11%
2602Vietnam1617
11%
2799Cambodia1739
9%
3090Thailand1920
9%
2897Laos1800
7%
3440North Korea2137
7%
2956South Korea1837
5%

Score Distribution

Percentile by Number Answered

Percent of People with Each Score

Your Score History

You have not taken this quiz